000
00304nam a22001337a 4500
008
170623b xxu||||| |||| 00| 0 eng d
020
_a
01636545929199824076670010
041
_a
eng
080
_a
93
100
_a
21
101
_a
SHP
245
_a
RADICAL HISTORY REVIEW
_c
WELLS, I.B
942
_2
udc
_c
BK
999
_c
19028
_d
19028